000
00329nam a2200145Ia 4500
008
210210b1945 xxu||||| |||| 00| 0 eng d
041
_a
eng
082
_a
828/457
100
_a
NEHRU (Jawaharlal)
245
_a
Autobiography
260
_a
London
_b
-
_c
1945
650
_a
Autobiography
690
_a
Biography
906
_a
016302
999
_c
135771
_d
135771